MARC

LEADER 00000nam0a2200000 4500
001 35321
005 20231101210308.0
035 |a (RuTPU)RU\TPU\book\35750 
035 |a BOOK00002402 
090 |a 35321 
100 |a 20011210d1990 m y0rusy50 ca 
101 0 |a rus 
102 |a RU 
105 |a y j 000zy 
200 1 |a Историческая геология с основами палеонтологии: Лабораторный практикум  |e учебное пособие  |f М. Д. Парфенова  |g Томский политехнический университет 
210 |a Томск  |c Изд-во ТПУ  |d 1990 
215 |a 98 с. 
606 |a Геология историческая  |2 stltpush  |3 (RuTPU)RU\TPU\subj\6118  |9 34076 
606 |a Палеонтология  |2 stltpush  |3 (RuTPU)RU\TPU\subj\47998  |9 66880 
610 1 |a палеоботаника 
610 1 |a животные беспозвоночные 
610 1 |a системы 
610 1 |a руководящие формы 
610 1 |a циклы тектогенеза 
610 1 |a фазы тектогенеза 
610 1 |a геологические карты 
610 1 |a фациальный анализ 
610 1 |a учебные пособия 
610 1 |a историческая геология 
675 |a 551.7(076.5)  |v 3 
675 |a 56(076.5)  |v 3 
700 1 |a Парфенова  |b М. Д.  |c геолог  |c доцент Томского политехнического университета, кандидат геолого-минералогических наук  |f 1927-  |g Мария Даниловна  |2 stltpush  |3 (RuTPU)RU\TPU\pers\25968 
712 0 2 |a Томский политехнический университет  |2 stltpush  |3 (RuTPU)RU\TPU\col\376 
801 0 |a RU  |b 63413507  |c 20011210  |g PSBO 
801 2 |a RU  |b 63413507  |c 20201106  |g PSBO 
900 |a Историческая геология 
942 |c BK